banner-ar

ادب الغد: كتاب ادبى غير دورى / (Record no. 51207)

MARC details
000 -الفاتح
حقل البيانات ثابتة الطول 00471nam a2200157Ia 4500
008 - عناصر البيانات ثابتة الطول - معلومات عامة
حقل البيانات ثابتة الطول 140319s9999 xx 000 0 ara d
040 ## - مصدر الفهرسة
وكالة الفهرسة الأصلية GCL /
وكالة النسخ GCL
082 04 - رقم تصنيف ديوى العشرى
رقم التصنيف 805
رقم المادة خ أ
100 1# - المدخل الرئيسى - إسم شخصى
الإسم الشخصى عزت عامر
245 10 - بيان العنوان
العنوان ادب الغد: كتاب ادبى غير دورى /
بيان المسئوليه,etc عزت عامر
700 1# - المدخل الاضافى - اسم شخصى
الإسم الشخصى خالد جويلى
700 1# - المدخل الاضافى - اسم شخصى
الإسم الشخصى محمود عبدالوهاب
300 ## - الوصف المادى
التعداد 100 ص
490 ## - بيان السلسلة
عنوان السلسلة الهيئة العامة للاستعلامات
رقم المجلد/ التعيين التسلسلي 0
Holdings
حالة التراجع حالة الفقد حالة تلف ليس للاعارة المكان المؤقت الموقع الحالى تاريخ الاكتساب اجمالي اﻻعارات رقم الطلب الباركود تاريخ اخر مشاهدة تاريخ تفعيل السعر نوع وعاء كوها
        مكتبة القاهرة الكبرى مكتبة القاهرة الكبرى 03/26/2014   805\خ أ 122761 03/26/2014 03/26/2014 كتاب

Powered By

EGPV